LEADER 02348nam 22004573 450 001 9910688433603321 005 20231110211717.0 035 $a(CKB)5400000000040563 035 $a(MiAaPQ)EBC30390300 035 $a(Au-PeEL)EBL30390300 035 $a(NjHacI)995400000000040563 035 $a(EXLCZ)995400000000040563 100 $a20230620d2021 uy 0 101 0 $aeng 135 $aurcnu|||||||| 181 $ctxt$2rdacontent 182 $cc$2rdamedia 183 $acr$2rdacarrier 200 10$aAnimal Reproduction in Veterinary Medicine 205 $a1st ed. 210 1$aLondon :$cIntechOpen,$d2021. 210 4$dİ2021. 215 $a1 online resource (262 pages) 225 1 $aVeterinary Medicine and Science ;$vv.6 311 $a1-83881-938-X 320 $aIncludes bibliographical references and index. 330 $aDespite efforts to control udder health in cattle, are the causes of mastitis are on the rise. Although at first glance the birth process seems normal in domestic pigs, what could be the problem? What are the clinical aspects of the oestrus cycle and pregnancy endocrinology in mares? What is Lidia cattle breeding and clinic? Does calf gender affect milk yield? Do insecticides reduce fertility? Could boar pheromones be an option to stimulate sow reproduction? Animal Reproduction in Veterinary Medicine is a book with the answers to such questions. It includes 'Induction and Synchronization of Estrus', which describes the protocol principles and tools. The practical approach this book takes will help students, farmers, veterinarians and academics to build an understanding of the concepts and procedures required to answer real questions by comprehending the basic function of real clinic data. Humans often endure results from the misunderstanding that to be doing well, they should make each thing themselves. 410 0$aVeterinary Medicine and Science 606 $aVeterinary obstetrics 615 0$aVeterinary obstetrics. 676 $a636.08982 700 $aAral$b Faruk$01352619 701 $aPayan-Carreira$b Rita$01352620 701 $aQuaresma$b Miguel$01352621 801 0$bMiAaPQ 801 1$bMiAaPQ 801 2$bMiAaPQ 906 $aBOOK 912 $a9910688433603321 996 $aAnimal Reproduction in Veterinary Medicine$93187597 997 $aUNINA LEADER 04491nam 22007213 450 001 9910797012203321 005 20211105202442.0 010 $a3-11-037614-8 010 $a3-11-039419-7 024 7 $a10.1515/9783110376142 035 $a(CKB)3710000000393011 035 $a(EBL)1820421 035 $a(SSID)ssj0001516473 035 $a(PQKBManifestationID)11886351 035 $a(PQKBTitleCode)TC0001516473 035 $a(PQKBWorkID)11494385 035 $a(PQKB)11511063 035 $a(DE-B1597)429575 035 $a(OCoLC)908080187 035 $a(DE-B1597)9783110376142 035 $a(MiAaPQ)EBC1820421 035 $a(Au-PeEL)EBL1820421 035 $a(CaPaEBR)ebr11049260 035 $a(CaONFJC)MIL808332 035 $a(PPN)187998760 035 $a(EXLCZ)993710000000393011 100 $a20150501h20152015 uy| 0 101 0 $aeng 135 $aur||#|||||||| 181 $ctxt 182 $cc 183 $acr 200 00$aParenthetical verbs /$fedited by Stefan Schneider, Julie Glikman and Mathieu Avanzi 210 1$aBerlin :$cDe Gruyter,$d[2015] 210 4$dİ2015 215 $a1 online resource (366 p.) 225 0 $aLinguistische Arbeiten,$x0344-6727 ;$vvolume 557 300 $aDescription based upon print version of record. 311 $a3-11-037603-2 320 $aIncludes bibliographical references and index. 327 $tFront matter --$tTable of Contents --$tAcknowledgements --$tIntroduction --$tParentheticals and the grammar of complementation --$tOn theticals: A ?rootless? analysis of I think --$tSpeaker and quote reduced parenthetical clauses --$tOn V2, gaps, and operators in comment and reporting parentheticals --$tAn approach to parenthetical courtesy markers in requests in Late Modern English --$tOrigin and development of French parenthetical verbs --$tOntogenetic paths to the parenthetical construction --$tEpistemic Parenthetical Verb Phrases: Command, Semantic Scope and Prosodic Phrasing --$tAre reporting clauses special cases of parentheticals? --$tMapping to prosody: Not all parentheticals are alike --$tThe Vocative in European Portuguese: Prosodic Effects of its Position in the Sentence --$tIndex 330 $aParenthesis has recently seen a considerable surge in interest. This volume presents the ? often contrasting ? theoretical positions on parenthetical verbs and examines them from different analytical perspectives. It covers parenthetical verbs in English as well as in several other languages. Methodologically, the volume is marked by its empirical orientation: Most contributions are based on data from experiments or corpora. 330 $aParenthesis has recently seen a considerable surge in interest. This volume presents the ? often contrasting ? theoretical positions on parenthetical verbs and examines them from different analytical perspectives. The initial theoretical section contains, among others, two contributions presenting diametrically opposed analyses of the syntax of parenthetical verbs. Although (synchronic) syntax pervades the volume, other analytical levels and approaches are also given weight: The second section provides insights into the historical and ontogenetic development of parenthetical verbs, while the third section deals with prosody and prosody-syntax or prosody-semantics mappings. The volume covers parenthetical verbs in English as well as in several other languages (Danish, Dutch, French, German, Portuguese and Turkish), some of which are rarely taken into consideration when dealing with parentheticals. Methodologically, the volume is marked by its strong empirical orientation: With few exceptions, the contributions are based on data from experiments or from corpora (historical, contemporary, diachronic, synchronic, oral, written, child, adult). 410 0$aLinguistische Arbeiten 606 $aGrammar, Comparative and general$xVerb 606 $aLanguage and languages 610 $aComment Clauses. 610 $aDiscourse Markers. 610 $aParenthetical Verbs. 610 $aReporting Clauses. 615 0$aGrammar, Comparative and general$xVerb. 615 0$aLanguage and languages. 676 $a415/.69 702 $aSchneider$b Stefan 702 $aGlikman$b Julie 702 $aAvanzi$b Mathieu 801 0$bMiAaPQ 801 1$bMiAaPQ 801 2$bMiAaPQ 906 $aBOOK 912 $a9910797012203321 996 $aParenthetical verbs$93717473 997 $aUNINA